15 najbardziej dotkniętych krajów Covid-19 - 22 grudnia 2021 - Statystyki

Ogólne statystyki
  • Ten quiz został rozwiązany 43 razy
  • Średni wynik to 12 z 28
Statystyki odpowiedzi
kraj % Poprawnych
Stany Zjednoczone
98%
Rosja
85%
Hiszpania
80%
Francja
78%
Wielka Brytania
78%
Włochy
75%
Niemcy
73%
Indie
68%
Brazylia
65%
Argentyna
58%
Meksyk
55%
Czechy
40%
Słowacja
40%
Turcja
35%
Holandia
33%
Belgia
30%
Chorwacja
30%
Indonezja
25%
Kolumbia
25%
Słowenia
25%
Iran
23%
Estonia
20%
Litwa
20%
Łotwa
20%
Serbia
18%
Izrael
13%
Bahrajn
3%
Gruzja
3%
Nie znaleziono quizów pasujących do podanych kryteriów
Rozkład punktacji
Procent ludzi z każdym wynikiem
Percentyl według liczby udzielonych odpowiedzi
Twoja historia wyników
Nie rozwiązałeś tego quizu